Score 0/22 Timer 02:00
1 Play Today
Hint Missing Word % Correct
_____ Bieber - MusicianJustin
98.9%
_____ Bon Jovi - MusicianJon
93.9%
_____ Willis - ActorBruce
91%
Reese _____ - ActressWitherspoon
90.4%
Sarah Jessica _____ - ActressParker
90.4%
Albert _____ - ScientistEinstein
89.7%
_____ Norris - Martial artist and actorChuck
88.3%
Mariah _____ - SingerCarey
87.9%
_____ Longoria - ActressEva
87.6%
CĂ©line _____ - SingerDion
86.4%
Spike _____ - DirectorLee
84.1%
Hint Missing Word % Correct
Shaquille _____O'Neal
82.4%
Keira _____ - ActressKnightley
71.9%
Ewan _____ - ActorMcGregor
68.9%
_____ McEntire - SingerReba
66.8%
_____ Murdoch - Business magnateRupert
64.4%
Liza _____ - Actress and SingerMinnelli
59.7%
_____ Tyler - US PresidentJohn
56.9%
_____ Parsons - ActorJim
51.1%
Yuri ______ - CosmonautGagarin
44.7%
E.L. _____ - AuthorJames
28%
_____ Vivaldi - ComposerAntonio
25.9%

Today's Daily Dose

Remove Ads.
Support Sporcle.
Get the best of Sporcle when you Go Orange. This ad-free experience offers more features, more stats, and more fun while also helping to support Sporcle. Thank you for becoming a member.

You're not logged in!

Compare scores with friends on all Sporcle quizzes.
OR
Log In

Show Comments

Extras

Top Quizzes Today


Score Distribution

Your Account Isn't Verified!

In order to create a playlist on Sporcle, you need to verify the email address you used during registration. Go to your Sporcle Settings to finish the process.

Report this User

Report this user for behavior that violates our Community Guidelines.

Details: